| 000 | 00408nam a2200097Ia 4500 | ||
|---|---|---|---|
| 008 | 180130s9999 xx 000 0 und d | ||
| 245 |
_cOrmerod, Paul _aTerrorist networks and the lethality of attacks: an illustrative agent based model on evolutionary principles |
||
| 260 | _c2016 | ||
| 300 | _aBook title: Computer and information security--Acession number C20546; pages 19-26 | ||
| 650 | _aINFORMATION SECURITY | ||
| 999 |
_c354107 _d354107 |
||